00451nam a2200181Ia 4500008004100000020001800041050001600059100001700075245003900092245004300131260001500174260001600189260000900205300001600214300002000230300001000250500000900260170918s9999 xx 000 0 und d a9780545206785 bA933pr 2009 aAusten, Jane aPride and prejudice and zombies / cby Jane Austen and Seth Grahame-Smith. aNew York : bScholastic, c2009 a319 pages : billustrations ; c19cm. a1070